| 000 | 00549nam a2200217 a 4500 | ||
|---|---|---|---|
| 999 |
_c5253 _d5253 |
||
| 001 | 5253 | ||
| 003 | BD-JhCC | ||
| 005 | 20171213092014.0 | ||
| 008 | 171211s1966 bg |||| ||a| 000 0 eng d | ||
| 035 | _a(BD-JhCC)5253 | ||
| 040 |
_aBD-JhCC _dBD-JhCC |
||
| 041 | _aeng | ||
| 082 |
_a923.1547 _bBOL 1966 |
||
| 100 | _aBolitho, Hector | ||
| 245 |
_aJinnah : _bCreator Of Pakistan / _cHector Bolitho |
||
| 260 |
_aLahore : _bOxford University Press, _c1966. |
||
| 300 |
_a244 p. : _c21 cm. |
||
| 650 | _aBiography | ||
| 942 |
_2ddc _cBK |
||